[Event "Titled Tuesday intern op 13th Feb Early"]
[Site "Chess.com INT"]
[Date "2024.02.13"]
[Round "9"]
[White "Cabezas Solano, David Alejandro"]
[Black "Seemann, Jakub"]
[Result "0-1"]
[WhiteElo "2202"]
[BlackElo "2439"]
[PlyCount "118"]
[EventDate "2024.02.13"]
[EventType "swiss (blitz)"]
[EventRounds "11"]
[EventCountry "USA"]
[SourceTitle "CB08_2024"]
[SourceDate "2024.02.21"]
[SourceVersion "1"]
[SourceVersionDate "2024.02.21"]
[SourceQuality "1"]

1. d4 Nf6 2. c4 g6 3. Nf3 Bg7 4. g3 0-0 5. Bg2 d6 6. 0-0 Nc6 7. Nc3 Bg4 8. d5 Na5 9. Nd2 c5 10. Qc2 a6 11. b3 Bd7 12. Bb2 b5 13. e4 Rb8 14. h3 e5 15. dxe6 Bxe6 16. cxb5 axb5 17. Nd5 Bxd5 18. exd5 Nd7 19. Bxg7 Kxg7 20. a4 bxa4 21. bxa4 Rb4 22. Rfb1 Rxb1+ 23. Rxb1 Qf6 24. Ne4 Qe5 25. f4 Qd4+ 26. Qf2 Qxa4 27. Nxd6 Rd8 28. Qb2+ Kg8 29. Re1 Nc4 30. Nxc4 Qxc4 31. Rc1 Qb4 32. Qe2 Qd4+ 33. Kh2 Nf6 34. Qc4 Qxc4 35. Rxc4 Nd7 36. Kg1 Kf8 37. Kf2 Ke7 38. Ke3 Kd6 39. Kd3 Nb6 40. Rc2 Ra8 41. Kd2 Ra3 42. Rc3 Ra2+ 43. Rc2 Nc4+ 44. Kc3 Rxc2+ 45. Kxc2 Ne3+ 46. Kd3 Nxg2 47. Ke4 Ne1 48. g4 f5+ 49. gxf5 gxf5+ 50. Kxf5 Kxd5 51. Kg5 c4 52. f5 c3 53. f6 c2 54. f7 c1Q+ 55. Kf6 Qf4+ 56. Kg7 Qg5+ 57. Kh8 Qf6+ 58. Kg8 Qg6+ 59. Kf8 Ke6 0-1

[Event "Titled Tuesday intern op 13th Feb Early"]
[Site "Chess.com INT"]
[Date "2024.02.13"]
[Round "8"]
[White "Cabezas Solano, David Alejandro"]
[Black "Sturt, Raven M"]
[Result "1-0"]
[WhiteElo "2202"]
[BlackElo "2459"]
[PlyCount "93"]
[EventDate "2024.02.13"]
[EventType "swiss (blitz)"]
[EventRounds "11"]
[EventCountry "USA"]
[SourceTitle "CB08_2024"]
[SourceDate "2024.02.21"]
[SourceVersion "1"]
[SourceVersionDate "2024.02.21"]
[SourceQuality "1"]

1. d4 f5 2. g3 Nf6 3. Bg2 g6 4. c3 Bg7 5. Qb3 c6 6. Nd2 d5 7. Ngf3 Nbd7 8. 0-0 0-0 9. Ne1 Kh8 10. Nd3 Ne4 11. Nf3 c5 12. Qxd5 cxd4 13. Nxd4 Ndf6 14. Qxd8 Rxd8 15. Ne5 Kg8 16. Be3 Nd5 17. Nc4 Nxe3 18. Nxe3 Bxd4 19. cxd4 Rxd4 20. Rac1 Bd7 21. Rc7 Bc6 22. Rxe7 Rad8 23. Bxe4 Bxe4 24. f3 Bc6 25. Kf2 Rd2 26. Rb1 Bb5 27. Nf1 Rc2 28. a4 Bc6 29. b4 a6 30. b5 axb5 31. axb5 Bd7 32. Rd1 Rb2 33. Rdxd7 Rxd7 34. Rxd7 Rxb5 35. Ne3 b6 36. Nd5 Rb3 37. Nf6+ Kf8 38. Nxh7+ Ke8 39. Nf6+ Kf8 40. h4 b5 41. Rb7 Rb2 42. Ke3 b4 43. Kf4 Rxe2 44. Kg5 Re3 45. Kxg6 Re7 46. Rb8+ Re8 47. Rxe8# 1-0

[Event "Titled Tuesday intern op 06th Feb Early"]
[Site "Chess.com INT"]
[Date "2024.02.06"]
[Round "1"]
[White "Cabezas Solano, David Alejandro"]
[Black "Hartikainen, Jarmo"]
[Result "1-0"]
[WhiteElo "2202"]
[BlackElo "2089"]
[PlyCount "69"]
[EventDate "2024.02.06"]
[EventType "swiss (blitz)"]
[EventRounds "11"]
[EventCountry "USA"]
[SourceTitle "CB07_2024"]
[SourceDate "2024.02.14"]
[SourceVersion "1"]
[SourceVersionDate "2024.02.14"]
[SourceQuality "1"]

1. d4 d5 2. Nf3 Nf6 3. g3 g6 4. Bg2 Bg7 5. 0-0 0-0 6. c4 c5 7. cxd5 cxd4 8. Nxd4 Nxd5 9. Nb5 Be6 10. N1c3 Nxc3 11. Nxc3 Nc6 12. Qa4 Qb6 13. Qa3 Qb4 14. Qxb4 Nxb4 15. Bf4 Nc6 16. a3 Rac8 17. Rac1 Rfd8 18. Rfd1 b6 19. h4 Na5 20. h5 Nb3 21. Rxd8+ Rxd8 22. Rd1 Rxd1+ 23. Nxd1 Nc5 24. b4 Nd7 25. hxg6 hxg6 26. Ne3 Ne5 27. Nc2 Nc4 28. Bc1 a6 29. e4 Bb2 30. Bxb2 Nxb2 31. Kf1 Nc4 32. Ke2 a5 33. f4 axb4 34. axb4 f6 35. Kd3 1-0

[Event "Titled Tuesday intern op 06th Feb Early"]
[Site "Chess.com INT"]
[Date "2024.02.06"]
[Round "9"]
[White "Cabezas Solano, David Alejandro"]
[Black "Mizzi, Jack"]
[Result "1-0"]
[WhiteElo "2202"]
[BlackElo "2043"]
[PlyCount "73"]
[EventDate "2024.02.06"]
[EventType "swiss (blitz)"]
[EventRounds "11"]
[EventCountry "USA"]
[SourceTitle "CB07_2024"]
[SourceDate "2024.02.14"]
[SourceVersion "1"]
[SourceVersionDate "2024.02.14"]
[SourceQuality "1"]

1. d4 Nf6 2. Nf3 e6 3. g3 d5 4. Bg2 Be7 5. c4 0-0 6. Nc3 c6 7. b3 b6 8. 0-0 Bb7 9. Qd3 Nbd7 10. Bb2 c5 11. cxd5 exd5 12. Rad1 Rc8 13. dxc5 Nxc5 14. Qf5 g6 15. Qb1 Nce4 16. Qa1 Qc7 17. Nb5 Qc5 18. Nfd4 a6 19. Ba3 Qxa3 20. Nxa3 Bxa3 21. Nf3 Nc3 22. Rd2 Nfe4 23. Rc2 a5 24. Nd4 Bc5 25. e3 Ba6 26. Re1 Bd3 27. Bxe4 dxe4 28. Rxc3 Bb4 29. Rec1 Rce8 30. Rc7 f6 31. R1c6 Re5 32. a3 Bd2 33. Ne6 Re8 34. Nf4 Rg5 35. Qd4 Bc1 36. Qd7 Re7 37. Qxe7 1-0

[Event "Titled Tuesday intern op 06th Feb Early"]
[Site "Chess.com INT"]
[Date "2024.02.06"]
[Round "2"]
[White "Kucuksari, Kaan"]
[Black "Cabezas Solano, David Alejandro"]
[Result "1-0"]
[WhiteElo "2465"]
[BlackElo "2202"]
[PlyCount "75"]
[EventDate "2024.02.06"]
[EventType "swiss (blitz)"]
[EventRounds "11"]
[EventCountry "USA"]
[SourceTitle "CB07_2024"]
[SourceDate "2024.02.14"]
[SourceVersion "1"]
[SourceVersionDate "2024.02.14"]
[SourceQuality "1"]

1. d4 Nf6 2. c4 e6 3. g3 d5 4. Bg2 Be7 5. Nf3 0-0 6. 0-0 dxc4 7. Qc2 a6 8. a4 Nc6 9. Qxc4 Na5 10. Qc2 b6 11. Ne5 Bb7 12. Bxb7 Nxb7 13. Nc6 Qe8 14. e4 Bc5 15. e5 Nd5 16. Na5 Nxa5 17. dxc5 bxc5 18. Nd2 Nb4 19. Qxc5 Nac6 20. Nf3 Rd8 21. Bd2 Nd3 22. Qa3 Ndxe5 23. Nxe5 Nxe5 24. Bb4 Rd3 25. b3 Qc6 26. Qc1 Qd5 27. f4 Qd4+ 28. Rf2 Qxb4 29. fxe5 Rfd8 30. Qxc7 Rd1+ 31. Rxd1 Rxd1+ 32. Rf1 Qd4+ 33. Kg2 Rd2+ 34. Kh3 h5 35. Qxf7+ Kh8 36. Qxh5+ Kg8 37. Rf4 Qg1 38. Qf7+ 1-0

[Event "Titled Tuesday intern op 06th Feb Early"]
[Site "Chess.com INT"]
[Date "2024.02.06"]
[Round "8"]
[White "Sturt, Raven M"]
[Black "Cabezas Solano, David Alejandro"]
[Result "1-0"]
[WhiteElo "2459"]
[BlackElo "2202"]
[PlyCount "121"]
[EventDate "2024.02.06"]
[EventType "swiss (blitz)"]
[EventRounds "11"]
[EventCountry "USA"]
[SourceTitle "CB07_2024"]
[SourceDate "2024.02.14"]
[SourceVersion "1"]
[SourceVersionDate "2024.02.14"]
[SourceQuality "1"]

1. f4 d5 2. Nf3 g6 3. e3 Bg7 4. c4 c6 5. Nc3 Nf6 6. d4 0-0 7. Be2 Bf5 8. 0-0 Nbd7 9. Qb3 dxc4 10. Qxb7 c5 11. d5 Nb6 12. Rd1 Ne4 13. Ne5 Nd6 14. Qa6 Qc8 15. Qxc8 Rfxc8 16. a4 a5 17. Nc6 Kf8 18. Bf3 Bd3 19. Kf2 Bxc3 20. bxc3 Bc2 21. Re1 Bxa4 22. e4 Bxc6 23. dxc6 a4 24. e5 Nb5 25. Rb1 Ra5 26. Be3 a3 27. Bxc5 Na4 28. Bb4 Ra6 29. Rbc1 Nb2 30. Bd5 Nd3+ 31. Ke3 a2 32. Bxc4 Nxc1 33. Rxc1 a1Q 34. Rxa1 Rxa1 35. Bxb5 Rc7 36. Kd4 Ke8 37. Kc5 Kd8 38. Kb6 Kc8 39. Bc4 e6 40. g4 Rca7 41. h4 Ra8 42. c7 R8a7 43. Bd6 Rb7+ 44. Kc6 Rc1 45. Ba6 Rxc3+ 46. Bc5 Rxc5+ 47. Kxc5 Kxc7 48. Bxb7 Kxb7 49. Kd6 h5 50. gxh5 gxh5 51. Ke7 Kc6 52. Kxf7 Kd5 53. Kf6 Ke4 54. Kxe6 Kxf4 55. Kf6 Kg4 56. e6 Kxh4 57. e7 Kg3 58. e8Q h4 59. Qe3+ Kg2 60. Qg5+ Kh3 61. Kf5 1-0

[Event "CRI-ch"]
[Site "San Jose"]
[Date "2024.01.09"]
[Round "4"]
[White "Jimenez Garcia, Emanuel"]
[Black "Cabezas Solano, David Alejandro"]
[Result "1/2-1/2"]
[WhiteElo "2394"]
[BlackElo "2211"]
[PlyCount "119"]
[EventDate "2024.01.06"]
[EventType "swiss"]
[EventRounds "9"]
[EventCountry "CRI"]
[SourceTitle "CB05_2024"]
[SourceDate "2024.01.31"]
[SourceVersion "1"]
[SourceVersionDate "2024.01.31"]
[SourceQuality "1"]

1. d4 Nf6 2. Bg5 e6 3. e3 d5 4. Nd2 Be7 5. Bd3 b6 6. Ngf3 Bb7 7. Ne5 0-0 8. Qf3 Nbd7 9. Qh3 Ne4 10. Bxe7 Qxe7 11. Nxd7 Qxd7 12. f3 Nf6 13. g4 g6 14. Qg3 Qd6 15. c3 a6 16. 0-0-0 b5 17. Nb3 Nd7 18. Qxd6 cxd6 19. Na5 Ra7 20. h4 Ba8 21. Kd2 e5 22. h5 e4 23. Be2 exf3 24. Bxf3 Nf6 25. Rdf1 Re7 26. g5 Ne4+ 27. Bxe4 Rxe4 28. hxg6 hxg6 29. Rh6 Kg7 30. Rfh1 Rg8 31. Rh7+ Kf8 32. Rf1 Rg7 33. Rh8+ Rg8 34. Rxg8+ Kxg8 35. Rf6 Re6 36. Rxe6 fxe6 37. Ke2 Kf7 38. Kf3 Ke7 39. Kf4 Kf7 40. a3 Ke7 41. Nb3 Bc6 42. Nd2 Kd7 43. b3 a5 44. e4 dxe4 45. Nxe4 Bxe4 46. Kxe4 Kc7 47. c4 bxc4 48. bxc4 Kc6 49. Kd3 a4 50. Kc3 e5 51. Kd3 d5 52. dxe5 Kc5 53. e6 dxc4+ 54. Kc3 Kd6 55. Kxc4 Kxe6 56. Kb4 Kf5 57. Kxa4 Kxg5 58. Kb5 Kf4 59. a4 g5 60. a5 1/2-1/2

[Event "CRI-ch"]
[Site "San Jose"]
[Date "2024.01.06"]
[Round "2"]
[White "Cabezas Solano, David Alejandro"]
[Black "Rodriguez Arrieta, Maria Elena"]
[Result "1-0"]
[WhiteElo "2211"]
[BlackElo "1915"]
[PlyCount "51"]
[EventDate "2024.01.06"]
[EventType "swiss"]
[EventRounds "9"]
[EventCountry "CRI"]
[SourceTitle "CB05_2024"]
[SourceDate "2024.01.31"]
[SourceVersion "1"]
[SourceVersionDate "2024.01.31"]
[SourceQuality "1"]

1. d4 Nf6 2. c4 e6 3. Nf3 Bb4+ 4. Bd2 a5 5. g3 b6 6. Bg2 Bb7 7. 0-0 0-0 8. Bf4 Be7 9. Qc2 d5 10. Ne5 Na6 11. Nc3 c5 12. dxc5 Bxc5 13. a3 Qe7 14. cxd5 exd5 15. Nd3 d4 16. Bxb7 Qxb7 17. Nb5 Rfd8 18. Bg5 Be7 19. Rac1 Rac8 20. Qa4 Nc7 21. Nxc7 Rxc7 22. Rxc7 Qxc7 23. Bxf6 Bxf6 24. Qb5 Qc2 25. Qxb6 Qxe2 26. Re1 1-0

[Event "Titled Tuesday intern op 28th Feb Early"]
[Site "Chess.com INT"]
[Date "2023.02.28"]
[Round "8"]
[White "Cabezas Solano, David Alejandro"]
[Black "Balla, Tamas Kristof"]
[Result "0-1"]
[WhiteElo "2142"]
[BlackElo "2300"]
[PlyCount "98"]
[EventDate "2023.02.28"]
[EventType "swiss (blitz)"]
[EventRounds "11"]
[EventCountry "USA"]
[SourceTitle "CBM 213 Extra"]
[Source "ChessBase"]
[SourceDate "2023.05.31"]
[SourceVersion "1"]
[SourceVersionDate "2023.05.31"]
[SourceQuality "1"]

1. d4 d5 2. c4 e6 3. Nf3 c5 4. cxd5 exd5 5. Nc3 Nc6 6. Bf4 Nf6 7. e3 Be7 8. Be2 0-0 9. 0-0 Bg4 10. dxc5 Bxc5 11. Rc1 Re8 12. Bg5 Be7 13. h3 Be6 14. Nb5 h6 15. Bf4 Rc8 16. Nfd4 a6 17. Nxc6 bxc6 18. Na7 Ra8 19. Nxc6 Qb6 20. Nxe7+ Rxe7 21. Rc2 Rd8 22. Be5 Ne4 23. Bd4 Qb7 24. Qd3 Bf5 25. Qd1 Qd7 26. Bd3 Re6 27. f3 Ng3 28. Rff2 Rg6 29. Bxf5 Nxf5 30. Qd3 Nh4 31. Kf1 Rc8 32. Rxc8+ Qxc8 33. Rc2 Qb8 34. f4 Nf5 35. Be5 Ng3+ 36. Kf2 Qb7 37. Rc3 d4 38. Qxd4 Ne4+ 39. Ke2 Nxc3+ 40. Qxc3 Rxg2+ 41. Kd3 Qd5+ 42. Bd4 Qf5+ 43. e4 Rg3+ 44. Be3 Qxf4 45. Qc8+ Kh7 46. Qc5 Rxh3 47. Kd2 Rh2+ 48. Kd3 Qf1+ 49. Kd4 Qd1+ 0-1

[Event "Titled Tuesday intern op 28th Feb Early"]
[Site "Chess.com INT"]
[Date "2023.02.28"]
[Round "9"]
[White "Cabezas Solano, David Alejandro"]
[Black "Wilson, Elvin"]
[Result "1-0"]
[WhiteElo "2142"]
[BlackElo "2183"]
[PlyCount "87"]
[EventDate "2023.02.28"]
[EventType "swiss (blitz)"]
[EventRounds "11"]
[EventCountry "USA"]
[SourceTitle "CBM 213 Extra"]
[Source "ChessBase"]
[SourceDate "2023.05.31"]
[SourceVersion "1"]
[SourceVersionDate "2023.05.31"]
[SourceQuality "1"]

1. e4 e6 2. Qe2 c5 3. Nf3 Be7 4. b3 Nf6 5. Bb2 0-0 6. g3 d5 7. d3 Nc6 8. Bg2 d4 9. e5 Nd5 10. 0-0 b6 11. c4 dxc3 12. Nxc3 Bb7 13. Rad1 Ndb4 14. Ne4 Ba6 15. Ne1 Nd4 16. Qg4 Nxa2 17. Ra1 Nb4 18. Nd2 Rb8 19. Bc3 Bxd3 20. Nxd3 Nxd3 21. Rxa7 Nxe5 22. Qe4 Nec6 23. Raa1 Bf6 24. Rfd1 Qc7 25. Rac1 Qd7 26. Nf3 Rfd8 27. Nxd4 Nxd4 28. b4 Rbc8 29. Be1 cxb4 30. Rxc8 Rxc8 31. Bxb4 e5 32. h4 h6 33. Kh2 Rc4 34. Bd2 b5 35. Be3 Qe6 36. Qa8+ Kh7 37. Bd5 Qc8 38. Qa7 Rc7 39. Qb6 g6 40. Qxf6 Ne6 41. Be4 h5 42. Rb1 b4 43. Rxb4 Nf4 44. gxf4 1-0

[Event "Titled Tuesday intern op 28th Feb Early"]
[Site "Chess.com INT"]
[Date "2023.02.28"]
[Round "2"]
[White "Clawitter, Craig"]
[Black "Cabezas Solano, David Alejandro"]
[Result "0-1"]
[WhiteElo "2050"]
[BlackElo "2142"]
[PlyCount "68"]
[EventDate "2023.02.28"]
[EventType "swiss (blitz)"]
[EventRounds "11"]
[EventCountry "USA"]
[SourceTitle "CBM 213 Extra"]
[Source "ChessBase"]
[SourceDate "2023.05.31"]
[SourceVersion "1"]
[SourceVersionDate "2023.05.31"]
[SourceQuality "1"]

1. e4 c5 2. Nf3 d6 3. d4 cxd4 4. Nxd4 Nf6 5. Nc3 a6 6. Be3 e5 7. Nb3 Be7 8. f3 h5 9. Be2 Be6 10. Nd5 Nxd5 11. exd5 Bf5 12. c4 Bh4+ 13. g3 Bf6 14. Qd2 Nd7 15. 0-0 0-0 16. Na5 Qc7 17. b4 e4 18. Rac1 Rfe8 19. fxe4 Bxe4 20. Bxh5 Ne5 21. Bd4 Bg6 22. Bxg6 fxg6 23. c5 Qf7 24. Bb2 Rad8 25. c6 bxc6 26. Nxc6 Rd7 27. Bxe5 dxe5 28. Rfd1 e4 29. Qe2 Rxd5 30. Qxa6 e3 31. Qe2 Rf5 32. Rd8 Rf2 33. Rxe8+ Qxe8 34. Qc4+ Kh7 0-1

[Event "Titled Tuesday intern op 28th Feb Early"]
[Site "Chess.com INT"]
[Date "2023.02.28"]
[Round "11"]
[White "Liu, Casper Yukun"]
[Black "Cabezas Solano, David Alejandro"]
[Result "0-1"]
[WhiteElo "2240"]
[BlackElo "2142"]
[PlyCount "74"]
[EventDate "2023.02.28"]
[EventType "swiss (blitz)"]
[EventRounds "11"]
[EventCountry "USA"]
[SourceTitle "CBM 213 Extra"]
[Source "ChessBase"]
[SourceDate "2023.05.31"]
[SourceVersion "1"]
[SourceVersionDate "2023.05.31"]
[SourceQuality "1"]

1. d4 Nf6 2. c4 e6 3. Nc3 d5 4. cxd5 exd5 5. Bg5 Be7 6. e3 c6 7. Qc2 0-0 8. Bd3 Nbd7 9. Nge2 Re8 10. 0-0 Nf8 11. Rae1 g6 12. f3 b5 13. e4 Ne6 14. exd5 Nxg5 15. dxc6 b4 16. Ne4 Ngxe4 17. fxe4 Qb6 18. Bc4 Be6 19. Bxe6 fxe6 20. Qc4 Bd8 21. Nf4 Rc8 22. Rc1 Nxe4 23. Nxe6 Nd2 24. Qd5 Nxf1 25. Rxf1 Qxc6 26. Qxc6 Rxc6 27. d5 Rd6 28. Rc1 Rxd5 29. Nf4 Bb6+ 30. Kh1 Rf5 31. Nd3 a5 32. h3 Rd8 33. Rc6 Rxd3 34. Rxb6 Rf2 35. Kh2 Rdd2 36. Kg3 Rxg2+ 37. Kh4 Rd4# 0-1

[Event "Titled Tuesday intern op 08th Nov Early"]
[Site "Chess.com INT"]
[Date "2022.11.08"]
[Round "9"]
[White "Cabezas Solano, David Alejandro"]
[Black "Al Tarbosh, Ward"]
[Result "0-1"]
[WhiteElo "2061"]
[BlackElo "2238"]
[PlyCount "108"]
[EventDate "2022.11.08"]
[EventType "swiss (blitz)"]
[EventRounds "11"]
[EventCountry "USA"]
[SourceTitle "EXT 2024"]
[Source "ChessBase"]
[SourceDate "2023.10.10"]
[SourceVersion "1"]
[SourceVersionDate "2023.10.10"]
[SourceQuality "1"]

1. e4 b6 2. d4 Bb7 3. Nd2 e6 4. Bd3 c5 5. c3 cxd4 6. cxd4 Nc6 7. Ngf3 Nb4 8. Be2 Nf6 9. a3 Na6 10. Bd3 Nc7 11. 0-0 Be7 12. Re1 0-0 13. Qe2 d6 14. b4 e5 15. Bb2 Ne6 16. dxe5 Nf4 17. Qe3 Nxd3 18. Qxd3 dxe5 19. Qxd8 Rfxd8 20. Bxe5 Rac8 21. Bxf6 gxf6 22. Rac1 Rxc1 23. Rxc1 Bd6 24. g3 Be5 25. Nxe5 Rxd2 26. Ng4 Kg7 27. f3 Rd3 28. Rc7 Ba6 29. Rxa7 Bc4 30. Kg2 Rd2+ 31. Nf2 Ra2 32. g4 b5 33. Ra5 h6 34. Kg3 Ra1 35. Nh3 Ra2 36. Nf4 Bf1 37. Nh5+ Kh7 38. Ra7 Rg2+ 39. Kf4 Rxh2 40. Ra6 Ra2 41. Nxf6+ Kg7 42. Nh5+ Kh7 43. Ra7 Kg8 44. Nf6+ Kg7 45. e5 Bc4 46. Nh5+ Kg6 47. Ra6+ Kh7 48. Kf5 Rf2 49. f4 Rg2 50. Ra7 Kg8 51. Nf6+ Kg7 52. Ke4 Re2+ 53. Kf5 Bd3+ 54. Ne4 Rxe4 0-1

[Event "Titled Tuesday intern op 08th Nov Early"]
[Site "Chess.com INT"]
[Date "2022.11.08"]
[Round "10"]
[White "Cabezas Solano, David Alejandro"]
[Black "Odegov, Artem"]
[Result "0-1"]
[WhiteElo "2061"]
[BlackElo "2286"]
[PlyCount "94"]
[EventDate "2022.11.08"]
[EventType "swiss (blitz)"]
[EventRounds "11"]
[EventCountry "USA"]
[SourceTitle "EXT 2024"]
[Source "ChessBase"]
[SourceDate "2023.10.10"]
[SourceVersion "1"]
[SourceVersionDate "2023.10.10"]
[SourceQuality "1"]

1. d4 c5 2. d5 g6 3. g3 Bg7 4. Bg2 Nf6 5. Nc3 0-0 6. e4 d6 7. Nf3 e6 8. 0-0 exd5 9. exd5 Nbd7 10. Nd2 Nb6 11. a4 a5 12. h3 Bf5 13. g4 Bd7 14. Qe2 Re8 15. Qd3 h5 16. g5 Nh7 17. h4 Bf5 18. Qg3 Be5 19. f4 Bd4+ 20. Kh2 Re3 21. Nf3 Re8 22. Nxd4 cxd4 23. Nb5 Bxc2 24. Nxd4 Be4 25. f5 Bxg2 26. Qxg2 Qe7 27. fxg6 fxg6 28. Bf4 Qe4 29. Nb5 Qxg2+ 30. Kxg2 Nxd5 31. Nxd6 Re2+ 32. Kf3 Rxb2 33. Be5 Rb4 34. Rfd1 Rf8+ 35. Ke2 Nf4+ 36. Kd2 Ne6 37. Ke3 Rxh4 38. Rf1 Rh3+ 39. Ke4 Nhxg5+ 40. Kd5 Rd3+ 41. Kc4 Rdf3 42. Rg1 h4 43. Nxb7 h3 44. Nc5 Rc8 45. Bd6 Rf5 46. Rad1 Nxc5 47. Rd5 Nce6+ 0-1

[Event "Titled Tuesday intern op 08th Nov Early"]
[Site "Chess.com INT"]
[Date "2022.11.08"]
[Round "4"]
[White "Nugumanov, Bakhtiyar"]
[Black "Cabezas Solano, David Alejandro"]
[Result "0-1"]
[WhiteElo "2354"]
[BlackElo "2061"]
[PlyCount "52"]
[EventDate "2022.11.08"]
[EventType "swiss (blitz)"]
[EventRounds "11"]
[EventCountry "USA"]
[SourceTitle "EXT 2024"]
[Source "ChessBase"]
[SourceDate "2023.10.10"]
[SourceVersion "1"]
[SourceVersionDate "2023.10.10"]
[SourceQuality "1"]

1. Nf3 d5 2. g3 Nf6 3. Bg2 e6 4. c4 d4 5. 0-0 c5 6. e3 Nc6 7. d3 Be7 8. exd4 cxd4 9. a3 a5 10. Re1 0-0 11. Bf4 Nd7 12. Nbd2 Nc5 13. Ne4 f6 14. Nxc5 Bxc5 15. Bd2 e5 16. b4 axb4 17. axb4 Rxa1 18. Qxa1 Bxb4 19. Bxb4 Nxb4 20. Qb1 Qa5 21. Nd2 Bf5 22. Nb3 Qa3 23. Be4 Bxe4 24. Rxe4 Rb8 25. f4 Nc6 26. Nc5 Qxc5 0-1

[Event "Bucaramanga IM"]
[Site "Bucaramanga"]
[Date "2022.08.31"]
[Round "1"]
[White "Cabezas Solano, David Alejandro"]
[Black "Palencia Morales, Wilson Guillermo"]
[Result "0-1"]
[WhiteElo "2196"]
[BlackElo "2252"]
[PlyCount "90"]
[EventDate "2022.08.31"]
[EventType "tourn"]
[EventRounds "9"]
[EventCountry "COL"]
[SourceTitle "CBM 210 Extra"]
[Source "ChessBase"]
[SourceDate "2022.11.30"]
[SourceVersion "1"]
[SourceVersionDate "2022.11.30"]
[SourceQuality "1"]

1. d4 d5 2. Nf3 Nf6 3. g3 c5 4. Bg2 cxd4 5. 0-0 Nc6 6. Nxd4 Qb6 7. Nxc6 bxc6 8. c4 e6 9. Nc3 Be7 10. b3 0-0 11. Be3 Qa6 12. Rc1 Ng4 13. Bd2 d4 14. Na4 e5 15. h3 Nf6 16. e3 Be6 17. f4 Rad8 18. exd4 exd4 19. g4 h6 20. Qf3 Ba3 21. Rce1 Bxc4 22. bxc4 Qxa4 23. g5 hxg5 24. fxg5 Nh7 25. Qxc6 Qc2 26. Rf2 Rc8 27. Qd5 Qxc4 28. g6 Nf6 29. Qg5 Qc5 30. Rf5 Qb6 31. gxf7+ Rxf7 32. Bd5 Rcf8 33. Bxf7+ Rxf7 34. Rb5 Qc6 35. Rb8+ Rf8 36. Rxf8+ Bxf8 37. Qe5 Qc2 38. Bg5 Qg6 39. h4 d3 40. h5 Qxh5 41. Qe6+ Kh7 42. Be3 Bc5 43. Bxc5 d2 44. Be7 Qg4+ 45. Kf2 Qxe6 0-1

[Event "Pan American-ch U20"]
[Site "Pereira"]
[Date "2022.08.24"]
[Round "3"]
[White "Cabezas Solano, David Alejandro"]
[Black "Esmeraldas Huachi, Anderson Yahir"]
[Result "0-1"]
[WhiteElo "2196"]
[BlackElo "2081"]
[PlyCount "74"]
[EventDate "2022.08.23"]
[EventType "swiss"]
[EventRounds "9"]
[EventCountry "COL"]
[SourceTitle "CBM 210 Extra"]
[Source "ChessBase"]
[SourceDate "2022.11.30"]
[SourceVersion "1"]
[SourceVersionDate "2022.11.30"]
[SourceQuality "1"]

1. d4 d5 2. Nf3 Nf6 3. g3 c5 4. Bg2 cxd4 5. 0-0 h6 6. b3 e6 7. Bb2 Bc5 8. Nxd4 0-0 9. c4 e5 10. Nf3 e4 11. Nd4 dxc4 12. bxc4 Qb6 13. Nb3 Rd8 14. Qc2 Na6 15. Bxf6 Qxf6 16. Nc3 e3 17. Nxc5 Nxc5 18. fxe3 Qe5 19. Nd5 Be6 20. Kh1 Re8 21. Qd2 Rac8 22. Qd4 Qg5 23. Rab1 b6 24. Rf2 Nd7 25. Rf4 Rc5 26. Rb5 Rec8 27. h4 Qd8 28. Rxc5 Rxc5 29. Be4 Kh8 30. Bf5 b5 31. Bxe6 Rxc4 32. Qxa7 fxe6 33. Nb4 Ne5 34. Rd4 Qf8 35. Kg2 Ng4 36. Rxc4 Qf2+ 37. Kh3 Qf1+ 0-1

[Event "Olympiad-44"]
[Site "Chennai"]
[Date "2022.08.03"]
[Round "6.2"]
[White "Priasmoro, Novendra"]
[Black "Cabezas Solano, David Alejandro"]
[Result "1-0"]
[WhiteElo "2494"]
[BlackElo "2196"]
[PlyCount "97"]
[EventDate "2022.07.29"]
[EventType "team-swiss"]
[EventRounds "11"]
[EventCountry "IND"]
[SourceTitle "CBM 210"]
[Source "ChessBase"]
[SourceDate "2022.10.31"]
[SourceVersion "1"]
[SourceVersionDate "2022.10.31"]
[SourceQuality "1"]
[WhiteTeam "Indonesia"]
[BlackTeam "Costa Rica"]
[WhiteTeamCountry "INA"]
[BlackTeamCountry "CRI"]

1. e4 c5 2. Nf3 Nc6 3. Bb5 g6 4. c3 Nf6 5. Qe2 Bg7 6. d4 cxd4 7. cxd4 d6 8. Nc3 a6 9. Bxc6+ bxc6 10. 0-0 0-0 11. h3 a5 12. Re1 Ba6 13. Qc2 Nd7 14. Be3 Rc8 15. Rad1 Qc7 16. Qd2 Rfe8 17. Bh6 c5 18. Nd5 Qd8 19. Qf4 e6 20. Bxg7 Kxg7 21. Ne3 cxd4 22. Nxd4 Ne5 23. Ng4 Nxg4 24. Qxg4 Qf6 25. Qg3 Red8 26. Rd2 d5 27. e5 Qe7 28. h4 h5 29. Qf4 Rc4 30. Re3 Rdc8 31. Kh2 Rc1 32. Rb3 Re1 33. Rb6 Bc4 34. Nc6 Qc7 35. Qf6+ Kh7 36. Ne7 Rf8 37. Rd6 Rxe5 38. Qxe5 Qxe7 39. b3 Qxh4+ 40. Kg1 Bb5 41. Rd4 Qe7 42. R4xd5 Rc8 43. Rc5 Rxc5 44. Qxc5 Be2 45. Qd4 e5 46. Rd7 Qf6 47. Qd6 Qf5 48. Re7 e4 49. Qe5 1-0

[Event "Olympiad-44"]
[Site "Chennai"]
[Date "2022.08.01"]
[Round "4.2"]
[White "Cabezas Solano, David Alejandro"]
[Black "Subelj, Jan"]
[Result "0-1"]
[WhiteElo "2196"]
[BlackElo "2498"]
[PlyCount "76"]
[EventDate "2022.07.29"]
[EventType "team-swiss"]
[EventRounds "11"]
[EventCountry "IND"]
[SourceTitle "CBM 210"]
[Source "ChessBase"]
[SourceDate "2022.10.31"]
[SourceVersion "1"]
[SourceVersionDate "2022.10.31"]
[SourceQuality "1"]
[WhiteTeam "Costa Rica"]
[BlackTeam "Slovenia"]
[WhiteTeamCountry "CRI"]
[BlackTeamCountry "SLO"]

1. d4 d5 2. Nf3 Nf6 3. g3 Bf5 4. Bg2 e6 5. c4 c6 6. Nc3 h6 7. 0-0 Be7 8. Qb3 Qb6 9. c5 Qc7 10. Bf4 Qc8 11. Rac1 0-0 12. Ne5 Nbd7 13. Nxd7 Qxd7 14. f3 Bh7 15. g4 Qc8 16. Bg3 Nd7 17. f4 b6 18. cxb6 Nxb6 19. e4 Qd7 20. Qd1 Rad8 21. e5 c5 22. Bf2 c4 23. Be3 Bd3 24. Rf2 f6 25. Bf1 fxe5 26. fxe5 Rxf2 27. Bxf2 Bh7 28. Be3 Rf8 29. Bg2 Bd3 30. Ne2 Qa4 31. Nf4 Qxd1+ 32. Rxd1 Bg5 33. Nxe6 Bxe3+ 34. Kh1 Rf2 35. Nc7 Bxd4 36. e6 Kf8 37. Re1 Ke7 38. a4 a5 0-1